Adj G, Seasons, Main Team | Player |
758, (79-99, EDM)* | Wayne Gretzky | | 99.8% | 925, (46-71, 79-80, DET)* | Gordie Howe | | 98.1% | 343, (29-46, DET)* | Syd Howe | | 97.4% | 738, (86-06, STL)* | Brett Hull | | 96.8% | 644, (57-72, 79-80, CHI)* | Bobby Hull | | 96.7% | 715, (90-08, 11-pres, PIT) | Jaromir Jagr | | 96.6% | 616, (84-97, 00-06, PIT)* | Mario Lemieux | | 96.6% | 708, (92-pres, ANA) | Teemu Selanne | | 96.1% | 364, (83-03, 08-09, NJD) | Claude Lemieux | | 95.8% | 644, (83-06, DET)* | Steve Yzerman | | 95.4% | 643, (88-09, COL)* | Joe Sakic | | 92.9% | 628, (79-04, EDM)* | Mark Messier | | 92.9% | 653, (42-60, MTL)* | Maurice Richard | | 92.3% | 388, (55-75, MTL)* | Henri Richard | | 92.2% | 671, (63-81, BOS)* | Phil Esposito | | 88.6% | 599, (90-09, TOR)* | Mats Sundin | | 88.1% | 571, (96-pres, CGY) | Jarome Iginla | | 87.9% | 652, (86-06, LAK)* | Luc Robitaille | | 87.3% | 578, (89-11, DAL) | Mike Modano | | 87% | 610, (71-89, LAK)* | Marcel Dionne | | 85.9% | 503, (80-98, EDM)* | Jari Kurri | | 85.2% | 672, (87-09, DET) | Brendan Shanahan | | 84.7% | 364, (05-pres, WSH) | Alex Ovechkin | | 82% | 404, (92-00, 01-07, PHI) | Eric Lindros | | 80.5% | 590, (88-11, PHI) | Mark Recchi | | 79.6% | 518, (81-04, HAR)* | Ron Francis | | 79.5% | 508, (90-09, DET) | Sergei Fedorov | | 79.1% | 463, (91-03, VAN)* | Pavel Bure | | 79.1% | 461, (77-87, NYI)* | Mike Bossy | | 78.9% | 480, (71-85, 88-91, MTL)* | Guy Lafleur | | 77.9% | 584, (91-10, WIN-PHX) | Keith Tkachuk | | 77.2% | 453, (95-pres, OTT) | Daniel Alfredsson | | 76.5% | 541, (58-80, CHI)* | Stan Mikita | | 76.4% | 400, (95-pres, NJD) | Patrik Elias | | 76% | 434, (93-09, VAN) | Markus Naslund | | 75.7% | 514, (88-09, CHI) | Jeremy Roenick | | 75.6% | 409, (98-pres, TBL) | Vincent Lecavalier | | 75.2% | 549, (90-07, WSH) | Peter Bondra | | 75.1% | 414, (83-98, NYI)* | Pat Lafontaine | | 74.9% | 315, (85-00, TOR) | Wendel Clark | | 74.4% | 609, (79-98, WSH)* | Mike Gartner | | 73.9% | 605, (82-06, BUF) | Dave Andreychuk | | 73.8% | 480, (89-06, BUF) | Alexander Mogilny | | 73.8% | 445, (01-pres, ATL) | Ilya Kovalchuk | | 73.8% | 435, (81-97, WIN)* | Dale Hawerchuk | | 73.8% | 354, (98-pres, TBL) | Martin St. Louis | | 73.3% | 428, (75-94, NYI)* | Bryan Trottier | | 72.9% | 445, (94-10, ANA) | Paul Kariya | | 72.7% | 575, (50-71, MTL)* | Jean Beliveau | | 72.6% | 354, (97-pres, SJS) | Joe Thornton | | 72.4% | 380, (01-pres, OTT) | Dany Heatley | | 72.3% | 305, (00-pres, VAN) | Daniel Sedin | | 72.1% | 338, (80-01, EDM)* | Paul Coffey | | 71.5% | 447, (90-07, PHI) | John Leclair | | 71.4% | 312, (69-84, PHI)* | Bobby Clarke | | 70.8% | 463, (89-10, CAR) | Rod Brind'Amour | | 70.4% | 458, (97-pres, OTT) | Marian Hossa | | 70.4% | 410, (98-pres, COL) | Milan Hejduk | | 70.3% | 425, (97-pres, SJS) | Patrick Marleau | | 70.1% | 560, (86-07, CGY)* | Joe Nieuwendyk | | 69.8% | 415, (80-96, EDM)* | Glenn Anderson | | 69.8% | 468, (88-03, CGY) | Theoren Fleury | | 69.7% | 368, (79-01, BOS)* | Raymond Bourque | | 69.1% | 314, (87-02, PIT) | Kevin Stevens | | 68.6% | 557, (55-78, BOS)* | John Bucyk | | 68.3% | 398, (80-97, CHI)* | Denis Savard | | 68.3% | 414, (83-03, TOR)* | Doug Gilmour | | 67.6% |
|
Adj G, Seasons, Main Team | Player |
349, (95-pres, PHX) | Shane Doan | | 67.4% | 315, (02-pres, CBJ) | Rick Nash | | 67% | 434, (70-87, BUF)* | Gilbert Perreault | | 66.9% | 405, (94-pres, EDM) | Ryan Smyth | | 66.8% | 331, (85-04, WSH)* | Adam Oates | | 66.5% | 380, (88-08, VAN) | Trevor Linden | | 66.4% | 530, (80-99, MNS)* | Dino Ciccarelli | | 65.7% | 364, (80-95, QUE)* | Peter Stastny | | 65.7% | 357, (00-pres, MIN) | Marian Gaborik | | 65.4% | 517, (87-07, BUF) | Pierre Turgeon | | 65.3% | 412, (73-89, CGY)* | Lanny McDonald | | 64.6% | 409, (70-85, TOR)* | Darryl Sittler | | 63.9% | 358, (24-41, MTM)* | Hooley Smith | | 62.7% | 363, (83-96, BOS)* | Cam Neely | | 61.3% | 501, (50-74, DET)* | Alex Delvecchio | | 60.8% | 464, (92-11, 12-pres, NYR) | Alex Kovalev | | 60% | 465, (44-60, 64-65, DET)* | Ted Lindsay | | 59.6% | 417, (81-99, LAK) | Bernie Nicholls | | 59.6% | 331, (95-pres, VAN) | Todd Bertuzzi | | 59.6% | 443, (79-94, QUE)* | Michel Goulet | | 58.5% | 426, (86-09, CGY) | Gary Roberts | | 58.2% | 550, (56-74, TOR)* | Frank Mahovlich | | 57.5% | 443, (91-07, CHI) | Tony Amonte | | 56.9% | 458, (90-10, SJS) | Owen Nolan | | 56.4% | 378, (93-07, OTT) | Alexei Yashin | | 56.3% | 396, (60-78, NYR)* | Rod Gilbert | | 56% | 458, (60-81, NYR)* | Jean Ratelle | | 55.7% | 325, (81-04, CGY)* | Al MacInnis | | 55.5% | 423, (82-99, MNS) | Brian Bellows | | 54.1% | 487, (82-02, NJD) | Pat Verbeek | | 53.9% | 352, (77-94, LAK) | Dave Taylor | | 53.9% | 422, (86-04, MTL) | Vincent Damphousse | | 53.3% | 432, (81-97, PIT)* | Joe Mullen | | 53.1% | 501, (23-37, MTL)* | Howie Morenz | | 52.8% | 464, (50-64, 66-68, MTL)* | Bernie Geoffrion | | 52.5% | 404, (91-pres, CAR) | Ray Whitney | | 52.2% | 306, (99-pres, PHI) | Simon Gagne | | 52.1% | 357, (72-85, MTL)* | Steve Shutt | | 51.9% | 341, (71-82, BUF) | Rick Martin | | 51.9% | 307, (61-79, CHI) | Pit Martin | | 51.8% | 378, (80-95, CHI) | Steve Larmer | | 51.7% | 298, (76-90, STL)* | Bernie Federko | | 51.5% | 351, (72-84, PHI)* | Bill Barber | | 51.4% | 339, (87-03, NYR) | Adam Graves | | 50.9% | 337, (67-79, MTL)* | Jacques Lemaire | | 50.3% | 297, (80-93, PHI) | Tim Kerr | | 50.3% | 410, (63-79, MTL)* | Yvan Cournoyer | | 50.2% | 295, (91-11, EDM) | Doug Weight | | 49.4% | 343, (79-94, PHI) | Brian Propp | | 49.3% | 308, (80-98, NYI) | Brent Sutter | | 49.1% | 456, (93-pres, NJD) | Jason Arnott | | 48.6% | 389, (83-02, NJD) | John MacLean | | 48.6% | 318, (97-pres, FLA) | Olli Jokinen | | 48.6% | 300, (34-48, MTL)* | Toe Blake | | 47.5% | 467, (91-10, NJD) | Bill Guerin | | 47.3% | 391, (60-75, 79-82, TOR)* | Dave Keon | | 46.4% | 363, (74-88, BOS) | Rick Middleton | | 46.1% | 417, (84-02, PHI) | Rick Tocchet | | 45.9% | 517, (55-75, DET)* | Norm Ullman | | 45.2% | 394, (52-68, 70-71, NYR)* | Andy Bathgate | | 45% | 325, (70-83, PHI) | Reggie Leach | | 44.8% | 325, (84-03, NJD) | Kirk Muller | | 44.6% | 366, (93-06, NYI) | Ziggy Palffy | | 44.5% | 354, (79-92, TOR) | Rick Vaive | | 44.4% | 402, (84-02, MTL) | Stephane Richer | | 44.2% | 398, (95-10, BUF) | Miroslav Satan | | 43.5% | 308, (82-03, BUF) | Phil Housley | | 42.7% |
|
Adj G, Seasons, Main Team | Player |
338, (93-10, STL) | Pavol Demitra | | 41% | 406, (84-04, TOR) | Steve Thomas | | 39.4% | 372, (90-08, HAR) | Geoff Sanderson | | 39.4% | 353, (95-pres, NJD) | Petr Sykora | | 39% | 308, (97-pres, PHI) | Danny Briere | | 38.6% | 368, (85-07, FLA) | Scott Mellanby | | 38.5% | 385, (91-10, DET) | Vyacheslav Kozlov | | 38.3% | 369, (91-08, BOS) | Glen Murray | | 38% | 341, (83-00, VAN) | Geoff Courtnall | | 37.5% | 318, (84-03, HAR) | Kevin Dineen | | 37.1% | 301, (84-99, MNS) | Dave Gagner | | 37.1% | 310, (64-78, BOS) | Ken Hodge | | 36% | 298, (70-84, PHI) | Rick MacLeish | | 35.3% | 347, (90-09, NJD) | Bobby Holik | | 35.1% | 334, (49-71, TOR)* | George Armstrong | | 35% | 326, (79-93, DET) | John Ogrodnick | | 34.7% | 327, (47-67, DET)* | Red Kelly | | 34.4% | 300, (51-63, 64-65, 67-68, MTL)* | Dickie Moore | | 34.4% | 313, (61-77, NYR) | Vic Hadfield | | 34% | 349, (68-82, PIT) | Jean Pronovost | | 33.9% | 310, (71-85, PIT) | Rick Kehoe | | 33.9% | 362, (84-99, NYR) | Tomas Sandstrom | | 33.5% | 358, (87-00, DET) | Ray Sheppard | | 32.7% | 322, (69-85, LAK) | Butch Goring | | 32.6% | 395, (84-02, HAR) | Ray Ferraro | | 32.5% | 393, (29-41, TOR)* | Charlie Conacher | | 32.4% | 308, (38-42, 45-52, CHI)* | Roy Conacher | | 32.4% | 324, (90-07, NYR) | Petr Nedved | | 31.5% | 373, (67-83, STL) | Garry Unger | | 31% | 356, (87-06, STL) | Scott Young | | 29.4% | 324, (74-88, NYR) | Pierre Larouche | | 29.4% | 307, (86-04, VAN) | Cliff Ronning | | 28.9% | 376, (94-pres, NJD) | Brian Rolston | | 28.7% | 310, (95-pres, CHI) | Steve Sullivan | | 28.5% | 587, (25-40, MTM)* | Nels Stewart | | 28.3% | 307, (52-73, TOR) | Ron Stewart | | 28.3% | 293, (95-12, MIN) | Andrew Brunette | | 27.9% | 390, (29-44, TOR)* | Busher Jackson | | 27% | 305, (36-55, BOS)* | Milt Schmidt | | 26.9% | 392, (17-29, SEN)* | Cy Denneny | | 25.9% | 489, (22-38, MTL)* | Aurele Joliat | | 25.5% | 318, (63-81, TOR) | Ron Ellis | | 24.4% | 298, (40-54, TOR)* | Max Bentley | | 23.9% | 422, (26-37, NYR)* | Bill Cook | | 22.9% | 331, (84-01, VAN) | Greg Adams | | 22.8% | 304, (84-00, CHI) | Ed Olczyk | | 21.1% | 382, (27-47, BOS)* | Dit Clapper | | 20.3% | 303, (94-11, CGY) | Cory Stillman | | 20% | 298, (73-87, BOS) | Peter McNab | | 19.8% | 295, (95-12, CGY) | Daymond Langkow | | 19.2% | 424, (52-74, NYR) | Dean Prentice | | 18.8% | 326, (19-31, TRS)* | Babe Dye | | 17.1% | 326, (88-08, CAR) | Martin Gelinas | | 15.6% | 300, (70-85, CHI) | Ivan Boldirev | | 15.1% | 309, (28-39, BOS)* | Cooney Weiland | | 13.1% | 301, (41-55, CHI)* | Bill Mosienko | | 12.7% | 300, (56-72, TOR)* | Bob Pulford | | 12.2% | 300, (96-pres, PHI) | Mike Knuble | | 11.8% | 313, (54-72, TOR)* | Dick Duff | | 11.7% | 294, (34-43, 44-46, TOR)* | Sweeney Schriner | | 9.3% | 307, (57-77, NYR) | Bob Nevin | | 9.2% | 314, (53-65, 67-70, NYR) | Camille Henry | | 7.4% | 301, (92-08, LAK) | Bryan Smolinski | | 4.9% | 339, (27-40, BOS)* | Marty Barry | | 4.7% | 299, (28-45, CHI) | Johnny Gottselig | | 3.8% | 296, (25-40, SEN) | Hec Kilrea | | 1.9% |
|
Comments